No Me Leas La Mente #5 - Estadísticas

Estadísticas generales
  • Esta prueba ha sido intentada 93 veces
  • La puntuación promedio es 4 de 10
Estadísticas de respuestas
nº de opciones pregunta respuesta % Correcto
8 Asignaturas de instituto
98%
6 Continentes
64%
6 Idiomas oficiales de la ONU
61%
6 Armas del Cluedo
34%
4 Teletubbies
31%
4 Torneos de Grand Slam
28%
6 Tipos de oraciones según actitud del hablante
26%
4 Miembros de 'The Beatles'
18%
3 Partes del átomo
16%
3 Géneros literarios
8%
No se encontraron pruebas coincidentes
Distribución de puntuación
Porcentaje de gente con cada puntuación
Porcentaje por número respondido
Historial de tus puntuaciones
No has intentado esta prueba.